=LDR 00000nam 2200000 4500 =001 INLIS000000000038682 =005 20130612144338 =008 ***********************************Ind** =035 ##$$0010-061300000038682 =041 ##$$a Ind =082 ##$$a 641.559 8 =090 ##$$a 641.559 8, Erw a =100 ##$$a Erwin, Lilly T =245 ##$$a Aroma rasa kuliner Indonesia, Sajian Ayam Goreng =260 ##$$a 2010 $b Jakarta =300 ##$$a 55 hlm, Ilus, 22 cm =650 ##$$a Masakan Indonesia - Resep =700 ##$$a Hardiman, Intarina =850 ##$$a NBPNMAT =990 ##$$a 0001/BPAP-NTB/2016